Probleme d'ecologie: l'echantillonnage des peuplements animaux des milieux aquatiques
Guardat en:
| Autor principal: | |
|---|---|
| Altres autors: | |
| Format: | Llibre |
| Idioma: | francès |
| Publicat: |
París, Francia
Masson
1971
|
| Matèries: | |
| Etiquetes: |
Afegir etiqueta
Sense etiquetes, Sigues el primer a etiquetar aquest registre!
|
MARC
| LEADER | 00000nam a2200000 a 4500 | ||
|---|---|---|---|
| 001 | UCT5282 | ||
| 003 | CL-VaPUC | ||
| 005 | 20211028074320.0 | ||
| 008 | 961205e19710000FR |||||||||||||||||fre|d | ||
| 999 | |c 254248 |d 254246 | ||
| 040 | |c Pontificia Universidad Católica de Valparaíso | ||
| 082 | 0 | 4 | |a 591.5 LAM 1971 |2 21 |
| 100 | |a Lamotte, M |9 374642 | ||
| 245 | 1 | 0 | |a Probleme d'ecologie: l'echantillonnage des peuplements animaux des milieux aquatiques |
| 260 | 0 | 3 | |a París, Francia |b Masson |c 1971 |
| 300 | |a 294 páginas | ||
| 583 | |a last modification |c 19961205 00:00:00 |k Rodrigo Vera | ||
| 650 | 7 | |a ECOLOGIA ANIMAL |2 CL-VaPUC |9 374644 | |
| 650 | 0 | |a Ecología |9 258124 | |
| 650 | 7 | |a COMPORTAMIENTO ANIMAL |2 CL-VaPUC |9 334602 | |
| 650 | 0 | |a Ecosistemas |9 261477 | |
| 650 | 7 | |a PROTECCION DE LOS ANIMALES |2 CL-VaPUC |9 357359 | |
| 650 | 7 | |a RECURSOS ANIMALES |2 CL-VaPUC |9 357360 | |
| 650 | 0 | |a Zoología |9 261613 | |
| 650 | 7 | |a RELACIONES ECOLOGICAS |2 CL-VaPUC |9 374645 | |
| 700 | 0 | |a Bourliere, F |9 374643 | |
| 942 | |c BK |2 ddc | ||
| 945 | |d 19961205 00:00:00 |a paguirre | ||
| 952 | |0 0 |1 0 |2 ddc |4 0 |6 591_500000000000000_LAM_1971 |7 0 |8 A |9 275749 |a BIBCUR |b BIBCUR |d 2019-11-19 |i 1795503 |o 591.5 LAM 1971 |p 1795503 |r 2025-04-22 |t 1 |w 2019-11-19 |y BK |k BIO | ||